000
00293cam a22000977a 4500
008
180718b xxu||||| |||| 00| 0 eng d
082
_a
K232x42
245
_a
Civil service pay research unit
260
_a
London
_b
Her Majesty's Stationery Office
_c
500
_a
Contents: Library has 1964/65 and 1965/66
999
_c
499830
_d
499830